000 00671nam a22002297a 4500
003 UA-OsUOA
001 75150
007 ta
008 20110506b un ||||| |||| 00| 0 ukr d
100 _aФилософова Т.Г.
700 _aЧекмарева А.С.
090 _a330
_bФ56
942 _cSA
040 _aUA-OsUOA
_brus
_cUA-OsUOA
_dUA-OsUOA
245 _aСовременные технологии международного бизнесв
300 _aС.18-28
955 _a0
041 _arus
080 _a330
773 0 _w75148
_tМеждународная экономика
_dМ.
_d2011
_g3
650 7 _a330 Економіка взагалі
_2UDC
999 _c361446
_d361446